Statistics for 15 Most Famous Cities in Brazil

Click here to take the quiz!

General Stats

  • This quiz has been taken 33 times
  • The average score is 10 of 15

Answer Stats

City% Correct
Rio de Janeiro
100%
Brasília
97%
São Paulo
97%
Recife
90%
Manaus
87%
Salvador
83%
Belo Horizonte
80%
Fortaleza
80%
Porto Alegre
80%
Belém
70%
Natal
50%
Florianópolis
37%
Foz do Iguaçu
13%
Porto Seguro
10%
Ouro Preto
7%

Score Distribution

Percentile by Number Answered

Percent of People with Each Score

Your Score History

You have not taken this quiz